000 00562nam a22002057a 4500
003 DEla salle
005 20140310182756.0
008 130207t xxu||||| |||| 00| 0 eng d
020 _a9789814319270
050 _aQA 76.758
_b.Sa24 2011
100 _aSaleh, Kassem A.
245 _aSoftware engineering /
_cKassem A. Saleh
250 _aPhilippine ed.
260 _aPasig City :
_bCengage Learning Asia,
_c2011.
300 _axix, 336 p. :
_c23 cm.
_bill. ;
521 _aIT
650 _aSoftware engineering
942 _2lcc
_cBK
_kFOR
999 _c15870
_d15870